| 000 | 00521nam a22001937a 4500 | ||
|---|---|---|---|
| 003 | BD-DhJNU | ||
| 005 | 20250106095507.0 | ||
| 008 | 250106b |||||||| |||| 00| 0 eng d | ||
| 020 | _a9780349105987 | ||
| 040 |
_aBD-DhJNU _beng _cBD-DhJNU _dBD-DhJNU |
||
| 082 |
_223 _a909.81 |
||
| 100 | _aHobsbawm, Eric | ||
| 245 |
_aThe age of empire : _b1875-1914 / _cEric Hobsbawm |
||
| 260 |
_aLondon : _bAbacus, _c2010. |
||
| 300 |
_a412 p.: _bill.; _c20 cm. |
||
| 504 | _aincludes index | ||
| 650 | _aHistory | ||
| 942 |
_2ddc _cBK _n0 |
||
| 999 |
_c1048 _d1048 |
||